[Event "Matinhos Caioba op 9th"]
[Site "Matinhos"]
[Date "2025.06.29"]
[Round "1"]
[White "Silva, Caio Henrique Angel"]
[Black "Sousa, Vinicius Moraes Ave"]
[Result "1-0"]
[WhiteElo "2261"]
[BlackElo "1749"]
[PlyCount "51"]
[EventDate "2025.06.29"]
[EventType "swiss"]
[EventRounds "9"]
[EventCountry "BRA"]
[SourceTitle "CB28_2025"]
[SourceDate "2025.07.09"]
[SourceVersion "1"]
[SourceVersionDate "2025.07.09"]
[SourceQuality "1"]

1. d4 d5 2. c4 c6 3. Nf3 Nf6 4. e3 Bf5 5. Nc3 e6 6. Nh4 Bg6 7. Nxg6 hxg6 8. Bd2 Nbd7 9. g3 Rc8 10. Rc1 Bd6 11. cxd5 exd5 12. Qf3 Nf8 13. Bd3 Ne6 14. h4 Qe7 15. Kf1 Rd8 16. Kg2 g5 17. hxg5 Rxh1 18. gxf6 gxf6 19. Rxh1 Kd7 20. Rh6 Qf8 21. e4 Nxd4 22. Qxf6 dxe4 23. Qxd4 exd3 24. Ne4 Kc7 25. Rxd6 Rxd6 26. Bf4 1-0